|
|
|
|
| LEADER |
00000nam a2200000 a 4500 |
| 001 |
UCH4628 |
| 003 |
CL-VaPUC |
| 008 |
090827e20090327CL |||||||||||||||||spa|d |
| 020 |
|
|
|a 9789562388344
|
| 041 |
0 |
7 |
|a spa
|2 CL-VaPUC
|
| 041 |
0 |
7 |
|a eng
|2 CL-VaPUC
|
| 082 |
0 |
4 |
|a 323.34
|b ORG
|2 21
|
| 110 |
2 |
|
|a Organización de los Estados Americanos
|e author
|9 540268
|
| 245 |
1 |
0 |
|a Informe sobre los derechos de las mujeres en Chile: la igualdad en la familia, el trabajo y la política
|
| 300 |
|
|
|a 55 p
|
| 942 |
|
|
|c BK
|
| 945 |
|
|
|d 20090827 00:00:00
|a dcastane
|
| 260 |
|
|
|a Santiago
|b Cidh
|c 2009
|
| 650 |
|
0 |
|a Derechos de la mujer
|9 257074
|
| 650 |
|
7 |
|a MUJER-SITUACION JURIDICA
|2 CL-VaPUC
|9 540269
|
| 650 |
|
7 |
|a MUJERES Y FAMILIA
|2 CL-VaPUC
|9 540270
|
| 650 |
|
7 |
|a MUJERES Y TRABAJO
|2 CL-VaPUC
|9 540271
|
| 650 |
|
0 |
|a Mujeres y política
|9 540272
|
| 583 |
|
|
|a last modification
|c 20090827 00:00:00
|k Rodrigo Vera
|
| 999 |
|
|
|c 335902
|d 335900
|
| 952 |
|
|
|0 0
|1 0
|4 0
|6 323_340000000000000_ORG_2009
|7 0
|8 A
|9 426737
|a BIBDER
|b BIBDER
|d 2019-11-22
|i 4593359
|o 323.34 ORG 2009
|p 4593359
|r 2023-01-25
|w 2019-11-22
|y BK
|k DER
|